000 00239nam a2200097Ia 4500
008 230907s9999||||xx |||||||||||||| ||und||
082 _a352.630954
_bGOV
245 0 _aGovernance in South Asia :
300 _axviii, 293 pages ;
942 _cBK
999 _c600748
_d600748